| 000 | 01108cam a22003494a 4500 | ||
|---|---|---|---|
| 008 | 040122m20039999mx b 001 0 spa c | ||
| 010 | _a 2005465400 | ||
| 020 | _a9683695388 (obra completa) | ||
| 020 | _a9786077630524 (v. 1, râustica) | ||
| 020 | _a9786077630531 (v. 6, pasta dura) | ||
| 040 |
_aCSt _cSTF _dOCLCQ _dEG-GiCUC |
||
| 043 | _an-mx--- | ||
| 050 | 0 | 0 |
_aF1219 _b.L5559 2003 |
| 092 | 0 | 4 |
_a972.020924 _bL5797 _221 |
| 099 |
_a04 _a972.020924 L5797 |
||
| 100 | 1 | _aLeon Portilla, Miguel. | |
| 240 | 1 | 0 |
_aWorks. _kSelections. _f2003 |
| 245 | 1 | 0 | _aObras de Miguel Leon-Portilla. |
| 250 | _a1a. ed. | ||
| 260 |
_aMâexico : _bUniversidad Nacional Autâonoma de Mâexico : _bColegio Nacional, _c2003- |
||
| 300 |
_av. ; _c23 cm. |
||
| 504 | _aIncludes bibliographical references and index. | ||
| 505 | 1 | _av6. Linguistica | |
| 590 | _aLibrary has v.6 only. | ||
| 650 | 0 | _aIndians of Mexico. | |
| 651 | 0 |
_aMexico _xCivilization. |
|
| 902 | _a1 | ||
| 905 |
_aJamal _eRev. |
||
| 905 |
_aJihan _eCat. |
||
| 942 |
_2ddc _cBK |
||
| 999 |
_c132224 _d132224 |
||